OECD development co-operation peer reviews: Poland 2017

Saved in:
Bibliographic Details
Format: Book
Language:English
Published: Paris OECD 2017
Series:OECD development co-operation peer reviews
Subjects:
Tags: Add Tag
No Tags, Be the first to tag this record!

MARC

LEADER 00000nam a2200000 4500
001 0233413
005 20240314123239.6
020 |a 978-92-64-26883-8 
041 0 |a eng 
044 |a FR 
245 1 0 |a OECD development co-operation peer reviews: Poland 2017 
264 1 |a Paris  |b OECD  |c 2017 
300 |a 104 s. 
490 1 |a OECD development co-operation peer reviews 
830 0 |a OECD development co-operation peer reviews 
610 2 0 |a spolupráca medzinárodná 
610 2 0 |a rozvoj hospodársky 
610 2 0 |a globalizácia 
610 2 0 |a pomoc humanitárna 
610 2 0 |a financovanie 
610 2 0 |a Poľsko